[Event "Zagreb op-B"]
[Site "Zagreb"]
[Date "2011.04.11"]
[Round "1"]
[White "Curic, Drazen"]
[Black "Kurecic, Mladen"]
[Result "1-0"]
[WhiteElo "2264"]
[BlackElo "1999"]
[PlyCount "183"]
[EventDate "2011.04.11"]
[EventType "swiss"]
[EventRounds "9"]
[EventCountry "CRO"]
[SourceTitle "CBM 141 Extra"]
[Source "ChessBase"]
[SourceDate "2011.05.03"]
[SourceVersion "1"]
[SourceVersionDate "2011.05.03"]
[SourceQuality "1"]

1. e4 e6 2. d4 d5 3. Nc3 Bb4 4. a3 Bxc3+ 5. bxc3 dxe4 6. f3 exf3 7. Qxf3 Qh4+ 8. g3 Qf6 9. Bf4 Bd7 10. Qxb7 Bc6 11. Bb5 Bxb5 12. Qxb5+ Nd7 13. Nf3 Rb8 14. Qa4 Qd8 15. Qxa7 Rc8 16. 0-0 Ne7 17. Qa6 Ra8 18. Qd3 0-0 19. c4 Nb6 20. c5 Nbd5 21. Bd2 Ra4 22. c4 Nf6 23. Ne5 Nd7 24. Nf3 Qa8 25. Ng5 Ng6 26. h4 Nf6 27. Bb4 h6 28. Nxe6 Nxh4 29. Nf4 Ng6 30. Nxg6 fxg6 31. Qxg6 Ra6 32. Qf5 c6 33. Rae1 Ra7 34. Qe6+ Raf7 35. Re5 Re8 36. Qf5 Rd8 37. d5 Rdf8 38. Qd3 Rd8 39. d6 Qc8 40. Qf5 Qb7 41. Re6 Rdf8 42. Qg6 Qd7 43. Rfe1 Nh7 44. Bd2 Qa7 45. Bb4 Qd7 46. Bd2 Qa7 47. Be3 Qxa3 48. Re7 Qc3 49. Rc1 Qb2 50. Qe6 Ng5 51. Bxg5 Qf2+ 52. Kh1 hxg5 53. Rg1 Qf3+ 54. Rg2 Qd1+ 55. Kh2 Qh5+ 56. Qh3 Qd1 57. Rxf7 Rxf7 58. Ra2 g4 59. Ra8+ Rf8 60. Rxf8+ Kxf8 61. Qh8+ Kf7 62. Qh5+ Kf6 63. Qh4+ Kg6 64. Qe7 Qd2+ 65. Kg1 Qd1+ 66. Kf2 Qf3+ 67. Ke1 Qxg3+ 68. Kd2 Qf2+ 69. Qe2 Qf4+ 70. Kd3 g3 71. d7 Qf5+ 72. Qe4 Qxe4+ 73. Kxe4 g2 74. d8Q g1Q 75. Qd6+ Kh5 76. Ke5 Qe3+ 77. Kf5 Qf3+ 78. Ke6 Qg4+ 79. Ke7 Qxc4 80. Qxc6 g5 81. Qh1+ Kg6 82. c6 Qf7+ 83. Kd8 Qf8+ 84. Kd7 Qf7+ 85. Kd6 Qf4+ 86. Kd5 g4 87. Qe4+ Kg5 88. Qxf4+ Kxf4 89. c7 Kf3 90. c8Q g3 91. Qf5+ Kg2 92. Ke4 1-0

[Event "CRO-chT3A Center"]
[Site "Zagreb"]
[Date "2010.04.25"]
[Round "5.55"]
[White "Ivekovic, Ana"]
[Black "Kurecic, Mladen"]
[Result "1-0"]
[WhiteElo "1929"]
[BlackElo "2009"]
[PlyCount "93"]
[EventDate "2010.03.21"]
[EventType "team-tourn"]
[EventRounds "11"]
[EventCountry "CRO"]
[SourceTitle "EXT 2012"]
[Source "ChessBase"]
[SourceDate "2011.11.24"]
[SourceVersion "1"]
[SourceVersionDate "2011.11.24"]
[SourceQuality "1"]

1. e4 e6 2. d4 d5 3. Nc3 Nf6 4. Bg5 Be7 5. e5 Nfd7 6. Bxe7 Qxe7 7. Qg4 f5 8. exf6 Nxf6 9. Qg3 0-0 10. 0-0-0 a6 11. f3 b5 12. h4 c5 13. Qf2 c4 14. Qe3 Bd7 15. g4 b4 16. Nce2 a5 17. Nf4 Qd6 18. Ngh3 c3 19. g5 cxb2+ 20. Kxb2 Ne8 21. Nd3 Nc6 22. Nhf2 a4 23. Ng4 b3 24. c3 a3+ 25. Ka1 bxa2 26. Kxa2 Nc7 27. Nde5 Nxe5 28. Nxe5 Rab8 29. Bd3 Nb5 30. Rc1 Qb6 31. Bxh7+ Kxh7 32. Nxd7 Qc6 33. Nxf8+ Rxf8 34. Qd3+ Kg8 35. Rh3 Nd6 36. Rb1 Nc4 37. Rb4 Rc8 38. g6 Nd6 39. Rb3 Kf8 40. h5 Nf5 41. Rxa3 Rb8 42. Qa6 Qe8 43. Rh1 Ke7 44. Re1 Kf6 45. Qe2 Qc6 46. Qe5+ Kg5 47. Qxb8 1-0

[Event "CRO-chT3A Center"]
[Site "Zagreb"]
[Date "2010.04.25"]
[Round "6.25"]
[White "Kurecic, Mladen"]
[Black "Medic, Miljenko"]
[Result "0-1"]
[WhiteElo "2009"]
[BlackElo "2256"]
[PlyCount "58"]
[EventDate "2010.03.21"]
[EventType "team-tourn"]
[EventRounds "11"]
[EventCountry "CRO"]
[SourceTitle "EXT 2012"]
[Source "ChessBase"]
[SourceDate "2011.11.24"]
[SourceVersion "1"]
[SourceVersionDate "2011.11.24"]
[SourceQuality "1"]

1. d4 c5 2. c3 e6 3. e4 d5 4. exd5 exd5 5. Bb5+ Nc6 6. Qe2+ Be6 7. Nf3 Be7 8. dxc5 Nf6 9. Nd4 Bd7 10. b4 0-0 11. 0-0 Ne4 12. Bd3 Nxc3 13. Bxh7+ Kxh7 14. Qh5+ Kg8 15. Nxc6 Bxc6 16. Nxc3 d4 17. Rd1 Bf6 18. Rd3 g6 19. Qd1 dxc3 20. Rxd8 Rfxd8 21. Qc2 Be4 22. Qb3 c2 23. f3 Bxa1 24. fxe4 Rd1+ 25. Kf2 Rxc1 26. Kg3 Rd8 27. b5 Rd2 28. c6 Be5+ 29. Kh3 Rh1 0-1

[Event "CRO-chT3"]
[Site "Zagreb"]
[Date "2009.04.26"]
[Round "6"]
[White "Kolmanic, Zvonko"]
[Black "Kurecic, Mladen"]
[Result "1-0"]
[WhiteElo "2041"]
[BlackElo "2046"]
[PlyCount "99"]
[EventDate "2009.03.08"]
[EventType "team-tourn"]
[EventRounds "9"]
[EventCountry "CRO"]
[SourceTitle "EXT 2011"]
[Source "ChessBase"]
[SourceDate "2010.11.26"]
[SourceVersion "1"]
[SourceVersionDate "2010.11.26"]
[SourceQuality "1"]

1. e4 e6 2. d4 d5 3. Nd2 Nf6 4. e5 Nfd7 5. Bd3 c5 6. c3 Nc6 7. Ne2 Qb6 8. Nf3 cxd4 9. cxd4 Bb4+ 10. Bd2 Bxd2+ 11. Qxd2 Qb4 12. Rc1 Qxd2+ 13. Nxd2 a6 14. 0-0 0-0 15. Nf3 f6 16. exf6 Nxf6 17. Rfe1 Bd7 18. a3 Rae8 19. Ng3 Rc8 20. Rc2 h6 21. h3 Na5 22. Rce2 Nc4 23. Ne5 Be8 24. Nf1 Nxe5 25. Rxe5 Bf7 26. Nd2 Nd7 27. R5e2 Rc6 28. Nb3 b5 29. Rc1 Rfc8 30. Rec2 Rxc2 31. Rxc2 Rxc2 32. Bxc2 Nb8 33. Bd3 Kf8 34. Nc5 Ke7 35. f4 Kd6 36. Kf2 Be8 37. Ke3 g5 38. b4 a5 39. Nb7+ Kc7 40. Nxa5 Kb6 41. fxg5 hxg5 42. g3 Nd7 43. h4 gxh4 44. gxh4 e5 45. dxe5 Nxe5 46. Be2 Nc4+ 47. Nxc4+ dxc4 48. Bf3 Kc7 49. h5 Kd6 50. h6 1-0